000 00470nam a22001817a 4500
005 20260513115807.0
008 260513b |||||||| |||| 00| 0 eng d
020 _a9781606495025
041 _aEng
082 _a330.0112 KOL
100 _aKolassa; Stephan
245 _aDemand Forecasting for Managers
260 _aNew York
_bBusiness Expert Press
_c2016
300 _a158;. P. 22 cm
650 _aEconomic Forecasting
700 _aSiemsen; Enno
942 _cBK
999 _c46546
_d46546